[Event "Glasgow op"]
[Site "Glasgow"]
[Date "2023.11.05"]
[Round "5"]
[White "Ignatov, Sergey"]
[Black "Blackford, Ross"]
[Result "1-0"]
[WhiteElo "2035"]
[BlackElo "1781"]
[PlyCount "111"]
[EventDate "2023.11.03"]
[EventType "swiss"]
[EventRounds "5"]
[EventCountry "SCO"]
[SourceTitle "Mega2024 Update 01"]
[Source "Chessbase"]
[SourceDate "2023.11.12"]
[SourceVersion "1"]
[SourceVersionDate "2023.11.12"]
[SourceQuality "1"]

1. d4 d5 2. c4 c6 3. Nf3 Nf6 4. e3 Bf5 5. Qb3 Qb6 6. c5 Qc7 7. Bd3 Bxd3 8. Qxd3 Nbd7 9. 0-0 e5 10. Nxe5 Nxe5 11. dxe5 Qxe5 12. Qd4 Qe7 13. b4 g6 14. Bb2 Bg7 15. Nc3 0-0 16. Ne2 Rfe8 17. Rfd1 Nh5 18. Qd2 Bxb2 19. Qxb2 f5 20. Rac1 a6 21. a4 Nf6 22. Qd4 Ne4 23. Rd3 Qh4 24. Rf1 Qh6 25. h4 Qg7 26. Qxg7+ Kxg7 27. Rc1 Kf7 28. Nd4 Ke7 29. f3 Nf6 30. Rb3 Kd7 31. b5 axb5 32. axb5 Rec8 33. Rcb1 Ra5 34. Kh2 Ng8 35. h5 Ne7 36. h6 Ng8 37. bxc6+ bxc6 38. Rb7+ Rc7 39. R1b6 Nxh6 40. Rxc7+ Kxc7 41. Rxc6+ Kb7 42. Rb6+ Kc8 43. Rc6+ Kb7 44. Rd6 Kc8 45. Rxd5 Nf7 46. Ne6 Ra6 47. Nd4 Nd8 48. e4 fxe4 49. fxe4 Ne6 50. Nb5 Ra5 51. c6 Ra4 52. Rd7 Rb4 53. Na7+ Kb8 54. c7+ Nxc7 55. Nc6+ Kc8 56. Rd8+ 1-0

[Event "Glasgow op"]
[Site "Glasgow"]
[Date "2023.11.04"]
[Round "3"]
[White "Blackford, Ross"]
[Black "Watson, Jacob"]
[Result "1-0"]
[WhiteElo "1781"]
[BlackElo "1910"]
[PlyCount "55"]
[EventDate "2023.11.03"]
[EventType "swiss"]
[EventRounds "5"]
[EventCountry "SCO"]
[SourceTitle "Mega2024 Update 01"]
[Source "Chessbase"]
[SourceDate "2023.11.12"]
[SourceVersion "1"]
[SourceVersionDate "2023.11.12"]
[SourceQuality "1"]

1. e4 e5 2. Nf3 Nf6 3. Nxe5 d6 4. Nf3 Nxe4 5. Nc3 Nf6 6. d4 Be7 7. Bd3 Bg4 8. Be3 Nbd7 9. h3 Bh5 10. Qe2 Nf8 11. 0-0-0 Qd7 12. d5 a6 13. Rhe1 Bg6 14. Bg5 Bxd3 15. Rxd3 Kd8 16. Ne4 Nxe4 17. Qxe4 Bxg5+ 18. Nxg5 h6 19. Nf3 Nh7 20. Rde3 Nf6 21. Qh4 Rf8 22. Nd2 Kc8 23. Re7 Qb5 24. c4 Qc5 25. Qg3 g5 26. Qc3 Ng8 27. Qg7 Rd8 28. Re8 1-0

[Event "Scarborough op"]
[Site "Scarborough"]
[Date "2023.10.29"]
[Round "5"]
[White "Blackford, Ross"]
[Black "Han, Qixiang"]
[Result "1-0"]
[WhiteElo "1779"]
[BlackElo "1671"]
[PlyCount "201"]
[EventDate "2023.10.27"]
[EventType "swiss"]
[EventRounds "5"]
[EventCountry "ENG"]
[SourceTitle "Mega2024 Update 01"]
[Source "Chessbase"]
[SourceDate "2023.11.12"]
[SourceVersion "1"]
[SourceVersionDate "2023.11.12"]
[SourceQuality "1"]

1. e4 c5 2. Nf3 d6 3. Bb5+ Nd7 4. 0-0 a6 5. Bd3 Ngf6 6. Qe2 e6 7. c3 b5 8. Bc2 Be7 9. d4 Bb7 10. Rd1 0-0 11. Nbd2 Rc8 12. Nf1 cxd4 13. cxd4 Nb6 14. Ng3 Qc7 15. Bd3 Rfd8 16. h4 h6 17. b3 Nbd7 18. Bd2 Qb8 19. a4 Bc6 20. Rdc1 Bf8 21. Ne1 g6 22. Nc2 Bg7 23. Nb4 Bb7 24. axb5 axb5 25. Ra5 Ne8 26. Be3 Nc7 27. Qd2 Kh7 28. h5 Nf6 29. hxg6+ fxg6 30. f3 Ng8 31. Ne2 Ne7 32. Kf2 Rf8 33. Rh1 Ng8 34. Raa1 Ne8 35. Nf4 e5 36. Ne6 Nef6 37. Nxf8+ Rxf8 38. d5 Ng4+ 39. Ke2 Nxe3 40. Qxe3 Nf6 41. Qb6 Nh5 42. Rhd1 Qc8 43. Rdc1 Ng3+ 44. Kd2 Qe8 45. Qxb7 Qd8 46. Qa7 Qh4 47. Rc7 Nh5 48. Qe3 Qg3 49. Raa7 Qxg2+ 50. Be2 Rg8 51. Nd3 Ng3 52. Kd1 h5 53. Ne1 Qh2 54. Rc2 h4 55. Bxb5 Qh1 56. Qf2 Rb8 57. Bc4 Kh8 58. Qh2 Qxh2 59. Rxh2 Bf6 60. Rha2 Nh5 61. Bf1 Rxb3 62. Ra8+ Kh7 63. Nd3 Rb1+ 64. Nc1 Bg5 65. R2a7+ Ng7 66. Rc8 Be3 67. Rcc7 Rxc1+ 68. Rxc1 Bxa7 69. Bh3 Kh6 70. Bg4 Nh5 71. Rc6 Bb8 72. Rb6 Bc7 73. Rc6 Bb8 74. Ke2 Nf4+ 75. Kf1 Ba7 76. Rxd6 h3 77. Rd8 Bc5 78. Bxh3 Nxh3 79. Rh8+ Kg5 80. Rxh3 Bd6 81. Ke2 Kf4 82. Rh7 Kg5 83. Rd7 Bc5 84. Rc7 Bb6 85. Rc6 Bd8 86. Re6 Kh6 87. d6 Kg7 88. d7 Kf7 89. Re8 Be7 90. d8Q Bxd8 91. Rxd8 Ke7 92. Ra8 Kf6 93. Ke3 Ke6 94. Ra6+ Kf7 95. Kd3 Kg7 96. Kc4 Kh6 97. Kd5 Kg5 98. Kxe5 Kh5 99. f4 Kh4 100. Rxg6 Kh5 101. Rg1 1-0

[Event "SCO-ch op 128th"]
[Site "Dunfermline"]
[Date "2023.07.08"]
[Round "3"]
[White "Blackford, Ross"]
[Black "Roul, Tushar"]
[Result "1-0"]
[WhiteElo "1757"]
[BlackElo "1545"]
[PlyCount "77"]
[EventDate "2023.07.07"]
[EventType "swiss"]
[EventRounds "5"]
[EventCountry "SCO"]
[SourceTitle "CBM 215 Extra"]
[Source "ChessBase"]
[SourceDate "2023.09.30"]
[SourceVersion "1"]
[SourceVersionDate "2023.09.30"]
[SourceQuality "1"]

1. e4 c6 2. d4 d5 3. e5 c5 4. dxc5 e6 5. a3 Bxc5 6. Nf3 f6 7. b4 Be7 8. Bb2 a5 9. b5 b6 10. Bd3 Nd7 11. 0-0 Nh6 12. c4 Nc5 13. Nc3 dxc4 14. Bxc4 f5 15. Qe2 0-0 16. Rfd1 Qc7 17. Nd4 Bd7 18. Rac1 Bg5 19. Rc2 Nf7 20. Nf3 Be7 21. Ba2 Qb7 22. Nd5 Bg5 23. Nxg5 Nxg5 24. Nf4 Rad8 25. Rdc1 Rc8 26. f3 Nf7 27. Bd4 Nd8 28. Bxc5 bxc5 29. a4 Qb6 30. Bc4 Nb7 31. Rd1 Rcd8 32. Rcd2 Bc8 33. Rxd8 Rxd8 34. Rxd8+ Nxd8 35. Qd3 Kf7 36. Qxf5+ Kg8 37. Qd3 Nf7 38. Qe3 Nh6 39. Nd3 1-0

[Event "SCO-ch op 128th"]
[Site "Dunfermline"]
[Date "2023.07.07"]
[Round "1"]
[White "Blackford, Ross"]
[Black "Zamvar, Vipin"]
[Result "0-1"]
[WhiteElo "1757"]
[BlackElo "1555"]
[PlyCount "77"]
[EventDate "2023.07.07"]
[EventType "swiss"]
[EventRounds "5"]
[EventCountry "SCO"]
[SourceTitle "CBM 215 Extra"]
[Source "ChessBase"]
[SourceDate "2023.09.30"]
[SourceVersion "1"]
[SourceVersionDate "2023.09.30"]
[SourceQuality "1"]

1. e4 c6 2. Nc3 d5 3. Nf3 dxe4 4. Nxe4 Nf6 5. Qe2 Nxe4 6. Qxe4 Qd5 7. Qxd5 cxd5 8. d4 Bg4 9. Ne5 Bf5 10. Bf4 a6 11. c3 g6 12. a4 Bg7 13. Be2 Nd7 14. Nxd7 Bxd7 15. a5 0-0 16. Bf3 e6 17. h4 Rac8 18. h5 Rc4 19. Kd2 Rfc8 20. hxg6 hxg6 21. Bd1 Re8 22. Bb3 Rcc8 23. Rae1 Bb5 24. g4 Bc6 25. Rh2 f6 26. Reh1 g5 27. Bd6 Kf7 28. f4 gxf4 29. Bxf4 Rh8 30. g5 Rxh2+ 31. Rxh2 Rh8 32. Rxh8 Bxh8 33. gxf6 Bxf6 34. Bc2 Bh4 35. Bc7 Ke7 36. Bd3 Ba4 37. Bf4 Bb3 38. Bg6 Kd7 39. Bc2 0-1

[Event "Ayr op"]
[Site "Ayr"]
[Date "2023.05.20"]
[Round "2"]
[White "Blackford, Ross"]
[Black "Irving, Neil"]
[Result "0-1"]
[WhiteElo "1718"]
[BlackElo "1818"]
[PlyCount "146"]
[EventDate "2023.05.19"]
[EventType "swiss"]
[EventRounds "5"]
[EventCountry "SCO"]
[SourceTitle "EXT 2024"]
[Source "ChessBase"]
[SourceDate "2023.10.10"]
[SourceVersion "1"]
[SourceVersionDate "2023.10.10"]
[SourceQuality "1"]

1. e4 e6 2. d4 d5 3. Nd2 c5 4. Ngf3 cxd4 5. Nxd4 Nc6 6. Bb5 Bd7 7. Nxc6 Bxc6 8. Bxc6+ bxc6 9. c4 Nf6 10. e5 Nd7 11. Nf3 Be7 12. 0-0 0-0 13. cxd5 cxd5 14. Qa4 Qc7 15. Re1 Rab8 16. Qg4 Rb4 17. Qg3 Rc8 18. Bh6 Bf8 19. Rac1 Rc4 20. h4 Qb8 21. b3 Rxc1 22. Rxc1 Rxc1+ 23. Bxc1 Qc7 24. Be3 Qc2 25. Qf4 Qxa2 26. Ng5 Qa1+ 27. Kh2 Qxe5 28. Qxe5 Nxe5 29. Bxa7 Bd6 30. Kg1 h6 31. Nh3 Nc6 32. Bb6 f6 33. Kf1 Kf7 34. Ke2 e5 35. Ng1 Ke6 36. Nf3 h5 37. g3 g6 38. Kd2 Bb4+ 39. Ke2 Bc3 40. Bc5 e4 41. Nd2 Bxd2 42. Kxd2 d4 43. Bf8 Kd5 44. Bg7 f5 45. Bf8 Ne5 46. Ke2 Nf3 47. Bg7 Kc5 48. Bf8+ Kb5 49. Be7 Ne5 50. Bf8 Nd3 51. Bg7 Nc1+ 52. Kd1 Nxb3 53. Kc2 Kc4 54. Bh6 d3+ 55. Kd1 Nd4 56. Bg7 Nf3 57. Bh6 Nh2 58. Be3 Ng4 59. Bb6 Nf6 60. Be3 Nd5 61. Bh6 Kd4 62. Bg7+ Kc5 63. Bf8+ Kc6 64. Kd2 Kd7 65. Bh6 Ke6 66. Kd1 f4 67. gxf4 Kf5 68. Kd2 Nxf4 69. Bg5 Nd5 70. f3 exf3 71. Kxd3 Kg4 72. Kd2 Kg3 73. Ke1 Kg2 0-1

[Event "Glorney Cup"]
[Site "Cardiff"]
[Date "2022.07.20"]
[Round "3.1"]
[White "Rathbone Jones, Ifan"]
[Black "Blackford, Ross"]
[Result "1-0"]
[WhiteElo "1936"]
[BlackElo "1533"]
[PlyCount "149"]
[EventDate "2022.07.19"]
[EventType "team-tourn"]
[EventRounds "6"]
[EventCountry "WLS"]
[SourceTitle "CBM 210 Extra"]
[Source "ChessBase"]
[SourceDate "2022.11.30"]
[SourceVersion "1"]
[SourceVersionDate "2022.11.30"]
[SourceQuality "1"]
[WhiteTeam "Wales"]
[BlackTeam "Scotland"]
[WhiteTeamCountry "WLS"]
[BlackTeamCountry "SCO"]

1. d4 d5 2. Nf3 Nf6 3. g3 c6 4. Bg2 Bf5 5. Nbd2 Nbd7 6. 0-0 e6 7. c4 Be7 8. Re1 Ne4 9. Ne5 Nxd2 10. Bxd2 Nxe5 11. dxe5 0-0 12. e4 Bxe4 13. Bxe4 dxe4 14. Rxe4 Qd3 15. Qe2 Rfd8 16. Bc3 Qxe2 17. Rxe2 Rd3 18. Kg2 Rad8 19. a3 Kf8 20. Rc1 Bc5 21. Rcc2 Ke8 22. h4 Bd4 23. Bd2 b6 24. Bf4 Rd7 25. h5 h6 26. Re4 Bc5 27. b4 Be7 28. Bc1 R7d4 29. Rxd4 Rxd4 30. Rc3 Kd7 31. Be3 Rd1 32. Kf3 Ke8 33. Ke2 Rd7 34. g4 Bd8 35. f4 Be7 36. g5 Bf8 37. Rc1 Rb7 38. Kf3 a5 39. Rb1 axb4 40. axb4 b5 41. Ra1 Rb8 42. c5 Rc8 43. Ke4 Kd7 44. Ra7+ Rc7 45. Ra1 Rc8 46. gxh6 gxh6 47. f5 Rc7 48. Rf1 Ke8 49. fxe6 fxe6 50. Rf6 Rg7 51. Rxe6+ Kd7 52. Rg6 Rxg6 53. hxg6 Ke6 54. Bd2 Bg7 55. Bc3 Bf8 56. Kf4 Bg7 57. Kg4 Kd5 58. Kf5 h5 59. e6 Bxc3 60. e7 h4 61. e8Q Kc4 62. Qe4+ Kb3 63. Qxc6 Ka4 64. Qa6+ Kxb4 65. c6 h3 66. c7 h2 67. Qa8 h1N 68. Qxh1 Kb3 69. c8Q b4 70. Qd5+ Kb2 71. Qxc3+ bxc3 72. g7 c2 73. g8Q Kb1 74. Qb3+ Ka1 75. Qa8# 1-0

[Event "Glorney Cup"]
[Site "Cardiff"]
[Date "2022.07.20"]
[Round "4.2"]
[White "Srivastava, Arnav"]
[Black "Blackford, Ross"]
[Result "1-0"]
[WhiteElo "1812"]
[BlackElo "1533"]
[PlyCount "105"]
[EventDate "2022.07.19"]
[EventType "team-tourn"]
[EventRounds "6"]
[EventCountry "WLS"]
[SourceTitle "CBM 210 Extra"]
[Source "ChessBase"]
[SourceDate "2022.11.30"]
[SourceVersion "1"]
[SourceVersionDate "2022.11.30"]
[SourceQuality "1"]
[WhiteTeam "England"]
[BlackTeam "Scotland"]
[WhiteTeamCountry "ENG"]
[BlackTeamCountry "SCO"]

1. d4 d5 2. Bf4 c5 3. e3 cxd4 4. exd4 Nc6 5. c3 Bf5 6. Bd3 Bxd3 7. Qxd3 e6 8. Nf3 Nf6 9. Nbd2 a6 10. 0-0 Be7 11. Rfe1 0-0 12. h3 Nd7 13. a4 Rc8 14. b4 Ncb8 15. Nb3 b6 16. a5 b5 17. Nc5 Nxc5 18. dxc5 Nc6 19. Rad1 Bf6 20. Ne5 Nxe5 21. Bxe5 Bxe5 22. Rxe5 Qf6 23. Qg3 Rfd8 24. Rd4 g6 25. Qe3 Rd7 26. g4 Kh8 27. g5 Qg7 28. Rf4 h5 29. gxh6 Qxh6 30. Qd4 Kg8 31. h4 Rc6 32. Rg5 Kf8 33. Qe5 Ke8 34. Qb8+ Ke7 35. Qg8 Qf8 36. Rxg6 Rc8 37. Qh7 Kd8 38. Rg8 Kc7 39. Rxf8 Rxf8 40. Qg7 Rg8 41. Qxg8 e5 42. Rxf7 Rxf7 43. Qxf7+ Kc6 44. Qe6+ Kc7 45. Qxe5+ Kc6 46. Qd6+ Kb7 47. Qxd5+ Ka7 48. Qc6 Kb8 49. h5 Ka7 50. h6 Kb8 51. h7 Ka7 52. Qb6+ Ka8 53. h8R# 1-0

[Event "EU-ch Hybrid U16"]
[Site "Tornelo INT"]
[Date "2021.10.15"]
[Round "7"]
[White "Blackford, Ross"]
[Black "Gagic, Milan A"]
[Result "1/2-1/2"]
[WhiteElo "1319"]
[BlackElo "2225"]
[PlyCount "99"]
[EventDate "2021.10.15"]
[EventType "swiss"]
[EventRounds "9"]
[EventCountry "NET"]
[SourceTitle "EXT 2023"]
[Source "ChessBase"]
[SourceDate "2022.10.05"]
[SourceVersion "1"]
[SourceVersionDate "2022.10.05"]
[SourceQuality "1"]
[WhiteTeam "Schottland"]
[BlackTeam "Serbia"]
[WhiteTeamCountry "SCO"]
[BlackTeamCountry "SRB"]

1. e4 c5 2. Nf3 a6 3. d4 cxd4 4. Nxd4 Nf6 5. Nc3 e5 6. Nb3 Bb4 7. Qd3 Nc6 8. Bg5 Bxc3+ 9. Qxc3 Nxe4 10. Bxd8 Nxc3 11. Bc7 Nb5 12. Bxb5 axb5 13. Bd6 f6 14. 0-0 Kf7 15. c3 Na5 16. Nxa5 Rxa5 17. a3 Ra6 18. Rad1 Ke6 19. Bb4 d5 20. Rfe1 g5 21. f3 Bd7 22. Kf2 Be8 23. Rd2 Bg6 24. Kg3 Rc6 25. Kf2 h5 26. Kg3 f5 27. Red1 Rd8 28. Kf2 Rd7 29. Bf8 Rc8 30. Bh6 g4 31. f4 Rc4 32. g3 h4 33. fxe5 hxg3+ 34. hxg3 Kxe5 35. Re1+ Kf6 36. Bf4 Re4 37. Rxe4 fxe4 38. Ke3 Ke6 39. Rh2 Rh7 40. Rxh7 Bxh7 41. Kd4 Bg6 42. Kc5 Be8 43. Kd4 Bd7 44. Kc5 Bc6 45. Kd4 Kf5 46. Bd6 Ke6 47. Bf4 Kf5 48. Bd6 Kf6 49. Be5+ Ke6 50. Bf4 1/2-1/2

[Event "EU-ch Hybrid U16"]
[Site "Tornelo INT"]
[Date "2021.10.15"]
[Round "3"]
[White "Blackford, Ross"]
[Black "Johannessen, Heine N"]
[Result "1-0"]
[WhiteElo "1319"]
[BlackElo "1930"]
[PlyCount "107"]
[EventDate "2021.10.15"]
[EventType "swiss"]
[EventRounds "9"]
[EventCountry "NET"]
[SourceTitle "EXT 2023"]
[Source "ChessBase"]
[SourceDate "2022.10.05"]
[SourceVersion "1"]
[SourceVersionDate "2022.10.05"]
[SourceQuality "1"]
[WhiteTeam "Schottland"]
[BlackTeam "Norway"]
[WhiteTeamCountry "SCO"]
[BlackTeamCountry "NOR"]

1. e4 c5 2. Nf3 g6 3. d4 cxd4 4. Nxd4 Nc6 5. Nc3 Bg7 6. Be3 Nf6 7. Qd2 Ng4 8. Nxc6 dxc6 9. Qxd8+ Kxd8 10. Rd1+ Kc7 11. Bf4+ e5 12. Bg3 h5 13. Bh4 f6 14. h3 g5 15. hxg4 hxg4 16. g3 Be6 17. Be2 Rh7 18. Kf1 Rah8 19. Kg2 gxh4 20. gxh4 Rxh4 21. Rxh4 Rxh4 22. Rh1 Rxh1 23. Kxh1 Bh6 24. Kg2 a5 25. Kg3 Bf4+ 26. Kh4 Bd2 27. a3 Be1 28. Bxg4 Bxf2+ 29. Kh5 Bc4 30. Kg6 Bh4 31. Be2 Be6 32. Bd3 Kd6 33. b3 b5 34. Ne2 Bh3 35. Ng1 Bg2 36. Kf5 Kc5 37. Ne2 Bh3+ 38. Kg6 Bf1 39. Kf5 Bxe2 40. Bxe2 Kd4 41. Bd3 Kc3 42. Ke6 Kb2 43. Kd6 a4 44. Kxc6 b4 45. bxa4 bxa3 46. Bc4 Kxc2 47. a5 Bf2 48. Kd5 Kc3 49. a6 f5 50. exf5 e4 51. f6 e3 52. f7 a2 53. f8Q a1Q 54. Qh8+ 1-0

[Event "EU-ch Hybrid U16"]
[Site "Tornelo INT"]
[Date "2021.10.15"]
[Round "4"]
[White "Domalchuk Jonasson, Aleksandr"]
[Black "Blackford, Ross"]
[Result "1-0"]
[WhiteElo "2127"]
[BlackElo "1319"]
[PlyCount "109"]
[EventDate "2021.10.15"]
[EventType "swiss"]
[EventRounds "9"]
[EventCountry "NET"]
[SourceTitle "EXT 2023"]
[Source "ChessBase"]
[SourceDate "2022.10.05"]
[SourceVersion "1"]
[SourceVersionDate "2022.10.05"]
[SourceQuality "1"]
[WhiteTeam "Ukraine"]
[BlackTeam "Schottland"]
[WhiteTeamCountry "UKR"]
[BlackTeamCountry "SCO"]

1. d4 Nf6 2. c4 g6 3. Nc3 d5 4. cxd5 Nxd5 5. Bd2 Bg7 6. e4 Nb6 7. Be3 0-0 8. Be2 Nc6 9. d5 Ne5 10. Bd4 c5 11. Bxc5 Qc7 12. Bd4 Bd7 13. Rc1 Rac8 14. b3 Bh6 15. Rc2 e6 16. Nf3 Nxf3+ 17. Bxf3 exd5 18. Nxd5 Nxd5 19. Rxc7 Nxc7 20. Bc5 Rfd8 21. Be7 Ne6 22. Bxd8 Rc1 23. 0-0 Rxd1 24. Rxd1 Bb5 25. Bf6 Bg7 26. e5 b6 27. Bg4 Bxf6 28. exf6 h5 29. a4 Bc6 30. Bxe6 fxe6 31. Rd6 Bd5 32. Rd7 a5 33. Rd6 Bxb3 34. Rxb6 Bxa4 35. Rxe6 Bb3 36. Ra6 a4 37. Ra7 Kf8 38. h4 Bc2 39. Kh2 Bb3 40. Kg3 Bc2 41. Kf4 Bb3 42. Kg5 a3 43. Kxg6 Ke8 44. f7+ Bxf7+ 45. Rxf7 a2 46. Ra7 a1R 47. Rxa1 Ke7 48. f4 Kd6 49. f5 Ke5 50. f6 Kf4 51. f7 Kg3 52. f8Q Kh2 53. Qf4+ Kxg2 54. Ra2+ Kh3 55. Rh2# 1-0